Znani ludzie według inicjałów - imiona na "P" - Statystyki

Ogólne statystyki
  • Ten quiz został rozwiązany 223 razy
  • Średni wynik to 10 z 23
Statystyki odpowiedzi
Inicjały Kim jest ta osoba? Odpowiedź % Poprawnych
PA Kanadyjska aktorka, znana z ról w serialach "Słoneczny patrol" i "V.I.P." Pamela Anderson
88%
PP Hiszpański malarz i rzeźbiarz, przedstawiciel kubizmu, jeden z najwybitniejszych artystów XX w. Pablo Picasso
84%
PE Kolumbijski baron narkotykowy znany jako "król kokainy", najbogatszy kryminalista w historii Pablo Escobar
81%
PF Polski aktor, znany m.in. z ról Ambrożego Kleksa w "Akademii pana Kleksa" czy Czesława Wiśniaka w "Konsulu" Piotr Fronczewski
72%
PZ Polski piłkarz, zawodnik SSC Napoli, uczestnik Euro 2016 i Mistrzostw Świata 2018 Piotr Zieliński
72%
PC Rosyjski kompozytor, znany m.in. z baletów "Jezioro łabędzie" i "Śpiąca królewna" Piotr Czajkowski
69%
PR Polski kompozytor muzyki pop, muzyki filmowej i teatralnej, znany m.in. z kompozycji "Niech mówią, że to nie jest miłość" Piotr Rubik
66%
PJ Nowozelandzki reżyser, odpowiedzialny m.in. za trylogię "Władca Pierścieni" Peter Jackson
58%
PW Amerykański aktor, znany z roli Briana O'Connera w serii "Szybcy i wściekli" Paul Walker
55%
PM Angielski muzyk, współwokalista i basista Beatlesów, później założyciel zespołu Wings i muzyk solowy Paul McCartney
54%
PB Irlandzki aktor, odtwórca roli Jamesa Bonda m.in. w filmach "Jutro nie umiera nigdy" i "GoldenEye", a także Robinsona Crusoe Pierce Brosnan
52%
PL Niemiecki piłkarz, mistrz świata z 2014 r., wieloletni zawodnik Bayernu Monachium Philipp Lahm
50%
PV Francuski piłkarz, mistrz świata z 1998 r., kapitan "nieśmiertelnej" drużyny Arsenalu Patrick Vieira
48%
PN Polski siatkarz, dwukrotny mistrz świata i mistrz Europy Piotr Nowakowski
44%
PK Holenderski piłkarz, zawodnik m.in. Ajaxu, Barcelony i Newcastle Patrick Kluivert
34%
PI Angielski piłkarz, zawodnik m.in. Manchesteru United, Liverpoolu i Interu, pierwszy w historii czarnoskóry kapitan reprezentacji Anglii Paul Ince
20%
PS Amerykański aktor, znany z głównych ról w filmach takich jak "Prawo krwi" i "Na fali" Patrick Swayze
17%
PD Amerykański aktor, znany z roli Tyriona Lannistera w "Grze o tron" Peter Dinklage
17%
PG Angielski muzyk, współzałożyciel i wokalista zespołu Genesis, także muzyk solowy Peter Gabriel
17%
PH Amerykański aktor, znany np. z ról Trumana Capote'a w "Capote" i Owena Daviana w "Mission: Impossible III" Philip Seymour Hoffman
10%
PU Angielski aktor, dwukrotny laureat Oscara za role drugoplanowe w "Spartakusie" i "Topkapi" Peter Ustinov
9%
PT Angielski darter, 16-krotny mistrz świata obu federacji darta Phil Taylor
4%
PO Amerykański przedsiębiorca, założyciel serwisu eBay Pierre Omdiyar
0%
Nie znaleziono quizów pasujących do podanych kryteriów
Rozkład punktacji
Procent ludzi z każdym wynikiem
Percentyl według liczby udzielonych odpowiedzi
Twoja historia wyników
Nie rozwiązałeś tego quizu